000 01172cam a2200253 4500
001 ABS64526
008 011002n2001 000 0 eng u
035 _a(Sirsi) u114945
100 _aCornell, P.
245 _aMediation special
260 _c2001
490 _aBuilding
_v266(8202) 21 September 2001, 58-60(3)
520 _aA useful introduction to mediation. Gives a flavour of what's involved in this increasingly fashionable method of dispute resolution by setting out a "day in the life" account of a real-life mediation between an employer and a turnkey contractor. Also offers guidance on how to conduct a successful mediation. Discusses the importance of preparation and setting objectives, and looks at the mediation meeting itself. Finally, includes a discussion with Karen Gough, the new president of the Chartered Institute of Arbitrators.
590 _aABS
650 _aMEDIATION
650 _aCHARTERED INSTITUTE OF ARBITRATORS
650 _aALTERNATIVE DISPUTE RESOLUTION
650 _aBUILT ENVIRONMENT
690 _aDispute resolution
_96236
700 _aWilliams, J.
700 _aHill, C.
700 _aWiles, W.
942 _n0
999 _c68435
_d68435